LEADER 00796cam0-2200253 --450 001 9910312156603321 005 20190311145951.0 010 $a978-88-921-1761-7 100 $a20190311d2018----kmuy0itay5050 ba 101 0 $aita 102 $aIT 105 $ay 001yy 200 1 $aLezioni di filosofia del diritto$ecostituzionalismo, stato di diritto, codificazione, positivismo giuridico$fBruno Celano 210 $aTorino$cGiappichelli$d2018 215 $aX, 279 p.$d23 cm 225 1 $aAnalisi e diritto. Serie teorica$v110 700 1$aCelano,$bBruno$0254448 801 0$aIT$bUNINA$gREICAT$2UNIMARC 901 $aBK 912 $a9910312156603321 952 $aCollezione 431 (110)$b2019/305$fFGBC 959 $aFGBC 996 $aLezioni di filosofia del diritto$91546408 997 $aUNINA